000 00318nam a2200133Ia 4500
008 260604s9999 xx 000 0 und d
020 _a9780674296022
082 _a954.03 PAT
100 _aDINYAR PATEL
_935317
245 0 _aNAOROJI ? PIONEER OF INDIAN NATIONALISM
260 _bHBR
500 _aNaoroji
942 _cBK
999 _c8095
_d8095